My First fairy tales

Bibliographic Details
Other Authors: Boswell, Hilda (Illustrated by)
Format: Book
Published: U.Kingdom : Peter Haddock , 19__

MARC

LEADER 00000cam a2200000 7i4500
001 0000003613
002 000003890
005 20000330.0
020 |a 0710503695 
090 0 0 |a JF   |b Fil 
245 0 3 |a My First fairy tales   |c Illustrated Hilda Boswell 
260 |a U.Kingdom :   |b Peter Haddock ,   |c 19__ 
300 |a _p. ;   |c 27cm. 
700 1 |a Boswell, Hilda ,   |e Illustrated by 
999 |a 032197   |b BUKU   |c PINJAMAN   |e PERPUSTAKAAN KOMUNITI PETALING JAYA 
999 |a 032198   |b BUKU   |c JUNIOR FICTION   |e PERPUSTAKAAN KOMUNITI PETALING JAYA 
999 |a 032199   |b BUKU   |c JUNIOR FICTION   |e PERPUSTAKAAN KOMUNITI PETALING JAYA